000
00291nam a2200121Ia 4500
008
190216s9999||||xx |||||||||||||| ||und||
100
_a
Thunjathu Ezhuthachan
245
0
_a
Madhyakala Kavithakal
260
_b
Ajith Book Center
_c
1978
300
_a
142p
650
_a
Kavithkal
942
_c
BK
999
_c
25615
_d
25615